[Event "EU-chT (Women) 24th"]
[Site "Budva"]
[Date "2023.11.17"]
[Round "6.3"]
[White "Richterova, Natasa"]
[Black "Kyrkjebo, Hannah Bakken"]
[Result "1-0"]
[WhiteElo "2172"]
[BlackElo "1912"]
[PlyCount "117"]
[EventDate "2023.11.11"]
[EventType "team-swiss"]
[EventRounds "9"]
[EventCountry "MNE"]
[SourceTitle "CB47_2023"]
[SourceDate "2023.11.22"]
[SourceVersion "1"]
[SourceVersionDate "2023.11.22"]
[SourceQuality "1"]
[WhiteTeam "Czech Republic (W)"]
[BlackTeam "Norway (W)"]
[WhiteTeamCountry "CZE"]
[BlackTeamCountry "NOR"]

1. d4 d5 2. c4 c6 3. Nf3 Nf6 4. Nc3 g6 5. Bg5 Bg7 6. cxd5 Nxd5 7. Qb3 0-0 8. Nxd5 cxd5 9. e3 Nc6 10. Bd3 Re8 11. 0-0 Na5 12. Qb4 Nc6 13. Qc5 Bg4 14. Nd2 f6 15. Bh4 Qd7 16. h3 Be6 17. Rac1 Bf7 18. Bb5 Rec8 19. Nb3 a6 20. Bxc6 Rxc6 21. Qb4 Rxc1 22. Rxc1 b5 23. Bg3 e5 24. Qa5 exd4 25. exd4 f5 26. Re1 Qd8 27. Bc7 Qg5 28. Be5 f4 29. Bxg7 f3 30. g3 Kxg7 31. Re5 Qf6 32. Qc7 Kg8 33. Nc5 Re8 34. Nd7 Qg7 35. Qd6 Rxe5 36. dxe5 Kh8 37. Nf6 Qh6 38. Kh2 Kg7 39. Ng4 Qg5 40. e6 Be8 41. Qc7+ Kg8 42. Qc3 Qd8 43. Nf6+ Kf8 44. Nxh7+ Kg8 45. Nf6+ Kf8 46. Qxf3 Kg7 47. Nxe8+ Qxe8 48. Qxd5 Qf8 49. Qd7+ Kh6 50. Qf7 Qxf7 51. exf7 Kg7 52. f4 Kxf7 53. Kg2 Kf6 54. Kf3 Kf5 55. g4+ Kf6 56. h4 a5 57. Ke4 Ke6 58. h5 gxh5 59. gxh5 1-0

[Event "NOR-chB"]
[Site "Oslo"]
[Date "2023.07.08"]
[Round "9"]
[White "Menzel, Maximillian"]
[Black "Kyrkjebo, Hannah Bakken"]
[Result "1/2-1/2"]
[WhiteElo "1855"]
[BlackElo "1899"]
[PlyCount "79"]
[EventDate "2023.06.30"]
[EventType "swiss"]
[EventRounds "9"]
[EventCountry "NOR"]
[SourceTitle "EXT 2024"]
[Source "ChessBase"]
[SourceDate "2023.10.10"]
[SourceVersion "1"]
[SourceVersionDate "2023.10.10"]
[SourceQuality "1"]

1. d4 Nf6 2. c4 e6 3. g3 d5 4. Nf3 Be7 5. Bg2 0-0 6. 0-0 dxc4 7. Qc2 a6 8. a4 Bd7 9. Nbd2 Bc6 10. a5 Nbd7 11. e4 Re8 12. Rd1 Nf8 13. Ne5 Bb5 14. Ndxc4 Ng6 15. Nxg6 hxg6 16. Bf4 Nd7 17. Na3 Bxa3 18. Rxa3 c6 19. Bd6 Nb6 20. Bb4 Nc4 21. Raa1 b6 22. axb6 Nxb6 23. b3 Qc8 24. Ba5 Qb7 25. Rac1 Rac8 26. Bxb6 Qxb6 27. e5 Re7 28. Qc5 Rb7 29. d5 Qxc5 30. Rxc5 exd5 31. Bxd5 Kf8 32. Bf3 Ke7 33. Bg4 Rd8 34. Rxd8 Kxd8 35. Rc1 Ke7 36. b4 Ra7 37. Ra1 Rc7 38. Rc1 Ra7 39. Ra1 Rc7 40. Rc1 1/2-1/2

[Event "NOR-chB"]
[Site "Oslo"]
[Date "2023.07.04"]
[Round "5"]
[White "Solbu, Lasse Tveter"]
[Black "Kyrkjebo, Hannah Bakken"]
[Result "1-0"]
[WhiteElo "1878"]
[BlackElo "1899"]
[PlyCount "117"]
[EventDate "2023.06.30"]
[EventType "swiss"]
[EventRounds "9"]
[EventCountry "NOR"]
[SourceTitle "EXT 2024"]
[Source "ChessBase"]
[SourceDate "2023.10.10"]
[SourceVersion "1"]
[SourceVersionDate "2023.10.10"]
[SourceQuality "1"]

1. e4 e5 2. Nf3 Nc6 3. Bc4 Bc5 4. b4 Bxb4 5. c3 Ba5 6. d4 exd4 7. 0-0 Nge7 8. Ng5 Ne5 9. Nxf7 Nxf7 10. Bxf7+ Kxf7 11. Qh5+ Ng6 12. Qd5+ Kf8 13. Qxa5 d6 14. Bg5 Qd7 15. cxd4 b6 16. Qd2 h6 17. Be3 Ba6 18. Re1 Re8 19. Nc3 Kg8 20. f4 Qf7 21. Rac1 Kh7 22. g3 c6 23. Qc2 Rhf8 24. Qa4 Qb7 25. e5 dxe5 26. dxe5 Ne7 27. Ne4 Nf5 28. Rxc6 Qa8 29. Rc7 Bd3 30. Nf2 Nxe3 31. Rxe3 Bg6 32. Qxa7 Qxa7 33. Rxa7 Rc8 34. Ne4 Bxe4 35. Rxe4 Rc2 36. e6 Rfc8 37. e7 Re8 38. Re6 Rb2 39. a4 Kg8 40. f5 Kf7 41. Rb7 Ra2 42. Re4 Rb2 43. g4 Kg8 44. h4 Kf7 45. g5 hxg5 46. hxg5 Rd2 47. Rxb6 Rc8 48. e8Q+ Rxe8 49. Rxe8 Kxe8 50. Rb8+ Kf7 51. Rb7+ Kf8 52. g6 Ra2 53. Rf7+ Kg8 54. Ra7 Kf8 55. a5 Ra4 56. Kg2 Ra3 57. a6 Ra5 58. Rf7+ Ke8 59. a7 1-0

[Event "Trondheim CC-ch Master"]
[Site "Trondheim"]
[Date "2020.03.02"]
[Round "6"]
[White "Kyrkjebo, Hannah Bakken"]
[Black "Kolas, Tore"]
[Result "0-1"]
[WhiteElo "1963"]
[BlackElo "2155"]
[PlyCount "72"]
[EventDate "2020.01.20"]
[EventType "tourn"]
[EventRounds "9"]
[EventCountry "NOR"]
[SourceTitle "EXT 2024"]
[Source "ChessBase"]
[SourceDate "2023.10.10"]
[SourceVersion "1"]
[SourceVersionDate "2023.10.10"]
[SourceQuality "1"]

1. e4 c5 2. Nf3 d6 3. Bb5+ Nd7 4. 0-0 a6 5. Bd3 Ngf6 6. Re1 e6 7. b3 b5 8. a4 Bb7 9. Na3 c4 10. bxc4 b4 11. Nb1 Nc5 12. e5 Nxd3 13. cxd3 dxe5 14. Nxe5 Bc5 15. Bb2 0-0 16. a5 Rb8 17. Ra4 Ba8 18. Nf3 Qxd3 19. Ne5 Qd6 20. d4 Rfd8 21. Nf3 Bxf3 22. Qxf3 Bxd4 23. Bxd4 Qxd4 24. Qb3 Ne4 25. Ra2 Nc5 26. Qg3 Qxc4 27. Rd2 Qb5 28. h4 Qxa5 29. h5 h6 30. Red1 Ne4 31. Rxd8+ Rxd8 32. Qf3 Rxd1+ 33. Qxd1 Qc5 34. Qd8+ Kh7 35. Qh4 Qc1+ 36. Kh2 Qxb1 0-1

[Event "NOR-ch (Women)"]
[Site "Bergen"]
[Date "2020.03.01"]
[Round "5"]
[White "Kyrkjebo, Hannah Bakken"]
[Black "Hagesaether, Nina"]
[Result "1-0"]
[WhiteElo "1957"]
[BlackElo "1996"]
[PlyCount "113"]
[EventDate "2020.02.28"]
[EventType "swiss"]
[EventRounds "5"]
[EventCountry "NOR"]
[SourceTitle "CBM 195 Extra"]
[Source "ChessBase"]
[SourceDate "2020.05.31"]
[SourceVersion "1"]
[SourceVersionDate "2020.05.31"]
[SourceQuality "1"]

1. e4 d6 2. d4 Nf6 3. Nc3 e5 4. Nf3 Nbd7 5. Be3 Be7 6. Bc4 0-0 7. 0-0 c6 8. a4 a5 9. Re1 h6 10. Bb3 Qc7 11. h3 Re8 12. Qd2 Bf8 13. d5 Nb6 14. Rad1 Bd7 15. Bxb6 Qxb6 16. Qe2 cxd5 17. Nxd5 Nxd5 18. Bxd5 Rac8 19. b3 g6 20. Nh2 Kg7 21. Nf1 Be6 22. Ne3 Rc5 23. Rd2 Bxd5 24. Nxd5 Qc6 25. c4 Qd7 26. Red1 Qe6 27. Rd3 Rc6 28. Qd2 Ra8 29. Nc3 Raa6 30. Nb5 Be7 31. Rd5 Bg5 32. Qd3 Be7 33. Kh2 Bf8 34. Qc3 Be7 35. Kh1 Bd8 36. c5 Be7 37. Nxd6 Bxd6 38. Rxd6 Rxd6 39. Rxd6 Rxd6 40. cxd6 Qxd6 41. Qxa5 Qd4 42. Qe1 f5 43. exf5 gxf5 44. Qe3 Qd5 45. Qf3 Qd7 46. Kh2 Kf6 47. Qe3 f4 48. Qb6+ Kg5 49. h4+ Kf5 50. Qxh6 Qd2 51. h5 e4 52. Qg6+ Ke5 53. Qg5+ Ke6 54. Qg6+ Ke5 55. h6 Qxf2 56. Qg5+ Ke6 57. h7 1-0

[Event "Trondheim CC-ch Master"]
[Site "Trondheim"]
[Date "2020.01.20"]
[Round "1"]
[White "Berg Jensen, Joachim"]
[Black "Kyrkjebo, Hannah Bakken"]
[Result "1-0"]
[WhiteElo "2184"]
[BlackElo "1963"]
[PlyCount "91"]
[EventDate "2020.01.20"]
[EventType "tourn"]
[EventRounds "9"]
[EventCountry "NOR"]
[SourceTitle "EXT 2024"]
[Source "ChessBase"]
[SourceDate "2023.10.10"]
[SourceVersion "1"]
[SourceVersionDate "2023.10.10"]
[SourceQuality "1"]

1. c4 e5 2. g3 Nf6 3. Bg2 Nc6 4. Nc3 Bb4 5. a3 Bxc3 6. dxc3 d6 7. Nf3 h6 8. 0-0 Be6 9. Qa4 0-0 10. Rd1 Nd7 11. Nd2 Nb6 12. Qc2 Nxc4 13. Nxc4 Bxc4 14. b3 Be6 15. Bb2 Rb8 16. c4 Qe7 17. b4 f6 18. Rac1 Qf7 19. Qa4 a6 20. Bxc6 bxc6 21. Qxc6 Rb6 22. Qe4 f5 23. Qd3 c5 24. Ba1 Rc8 25. Qe3 Bxc4 26. bxc5 Rb3 27. Qd2 dxc5 28. Bxe5 Be6 29. Qa5 c4 30. Qxa6 c3 31. Rd6 Re8 32. Bxc3 Bc4 33. Qc6 Bb5 34. Qc5 Rxe2 35. Rd5 Ba6 36. Rd8+ Re8 37. Rxe8+ Qxe8 38. Qd5+ Qf7 39. Qa8+ Kh7 40. Qxa6 Qe7 41. Bb4 Qe4 42. Qc4 Rb1 43. Qxe4 Rxc1+ 44. Qe1 Rxe1+ 45. Bxe1 g5 46. a4 1-0

[Event "Sharjah Cup (Women) 10th"]
[Site "Sharjah"]
[Date "2020.01.07"]
[Round "5"]
[White "Kyrkjebo, Hannah Bakken"]
[Black "Nguyen, Thi Mai Hung"]
[Result "0-1"]
[WhiteElo "1963"]
[BlackElo "2254"]
[PlyCount "64"]
[EventDate "2020.01.04"]
[EventType "swiss"]
[EventRounds "9"]
[EventCountry "UAE"]
[SourceTitle "CBM 194 Extra"]
[Source "ChessBase"]
[SourceDate "2020.03.31"]
[SourceVersion "1"]
[SourceVersionDate "2020.03.31"]
[SourceQuality "1"]

1. e4 c5 2. Nf3 g6 3. d4 cxd4 4. Qxd4 Nf6 5. Nc3 Nc6 6. Qa4 d6 7. e5 Ng4 8. Bb5 Bg7 9. exd6 Qxd6 10. 0-0 0-0 11. Bf4 Qc5 12. Ne4 Qb6 13. h3 Nge5 14. Nxe5 Nxe5 15. Be3 Qc7 16. c3 a6 17. Be2 Bf5 18. Ng3 Be6 19. Bd4 Rfd8 20. Rfd1 b5 21. Qc2 Rac8 22. Qb1 Bd5 23. b3 Bb7 24. a4 b4 25. Rc1 Bh6 26. Re1 Bd2 27. Bxe5 Qxe5 28. Bg4 Bxe1 29. Bxc8 Bxf2+ 30. Kxf2 Rd2+ 31. Kg1 Rxg2+ 32. Kh1 Qxg3 0-1

[Event "EU-chT (Women) 22nd"]
[Site "Batumi"]
[Date "2019.10.27"]
[Round "4.16"]
[White "Pellicoro, Nathalie"]
[Black "Kyrkjebo, Hannah Bakken"]
[Result "0-1"]
[WhiteElo "1967"]
[BlackElo "1949"]
[PlyCount "66"]
[EventDate "2019.10.24"]
[EventType "team-swiss"]
[EventRounds "9"]
[EventCountry "GEO"]
[SourceTitle "CBM 192 Extra"]
[Source "Chessbase"]
[SourceDate "2019.11.06"]
[SourceVersion "1"]
[SourceVersionDate "2019.11.06"]
[SourceQuality "1"]
[WhiteTeam "Switzerland (W)"]
[BlackTeam "Norway (W)"]
[WhiteTeamCountry "SUI"]
[BlackTeamCountry "NOR"]

1. e4 e5 2. Nf3 Nc6 3. Bc4 Bc5 4. d3 Nf6 5. Bg5 d6 6. c3 h6 7. Bh4 g5 8. Bg3 a6 9. b4 Ba7 10. a4 Ne7 11. Nbd2 Ng6 12. b5 0-0 13. 0-0 a5 14. Re1 Qe7 15. d4 h5 16. h4 g4 17. dxe5 dxe5 18. Ng5 Nh7 19. Nxh7 Kxh7 20. Bd5 Nxh4 21. Nc4 Ng6 22. Kf1 h4 23. Bh2 Qf6 24. f3 h3 25. Nd2 hxg2+ 26. Kxg2 Nh4+ 27. Kh1 gxf3 28. Rf1 Qg5 29. Rg1 Bxg1 30. Qxg1 Qxd2 31. Ra2 Qg2+ 32. Qxg2 fxg2+ 33. Kg1 Be6 0-1

[Event "EU-chT (Women) 22nd"]
[Site "Batumi"]
[Date "2019.10.26"]
[Round "3.16"]
[White "Koskoska, Gabriela"]
[Black "Kyrkjebo, Hannah Bakken"]
[Result "1-0"]
[WhiteElo "2036"]
[BlackElo "1949"]
[PlyCount "97"]
[EventDate "2019.10.24"]
[EventType "team-swiss"]
[EventRounds "9"]
[EventCountry "GEO"]
[SourceTitle "CBM 192 Extra"]
[Source "Chessbase"]
[SourceDate "2019.11.06"]
[SourceVersion "1"]
[SourceVersionDate "2019.11.06"]
[SourceQuality "1"]
[WhiteTeam "Macedonia (W)"]
[BlackTeam "Norway (W)"]
[WhiteTeamCountry "MKD"]
[BlackTeamCountry "NOR"]

1. c4 e5 2. g3 Nc6 3. Bg2 g6 4. e4 Bg7 5. Ne2 d6 6. Nbc3 Nge7 7. 0-0 0-0 8. d3 Be6 9. Nd5 Nd4 10. Nxd4 exd4 11. b4 c6 12. Nf4 Bd7 13. a4 Qc7 14. b5 a6 15. bxc6 bxc6 16. h4 h5 17. c5 Rfe8 18. cxd6 Qxd6 19. Ba3 Qe5 20. Rc1 Nc8 21. Bh3 Bxh3 22. Nxh3 Qe6 23. Nf4 Qd7 24. Qc2 Na7 25. Rb1 Reb8 26. Qc4 Be5 27. Nxg6 Bd6 28. Qxd4 fxg6 29. Rxb8+ Rxb8 30. Bxd6 Rd8 31. Qc4+ Kh7 32. Bc5 a5 33. d4 Nc8 34. Rb1 Nd6 35. Bxd6 Qxd6 36. Rb7+ Rd7 37. e5 Qe7 38. Rxd7 Qxd7 39. Qc5 Qb7 40. Kg2 Kg7 41. e6 Kg8 42. Qd6 c5+ 43. d5 Qb1 44. Qd8+ Kg7 45. Qe7+ Kh8 46. Qf6+ Kh7 47. Qf7+ Kh8 48. e7 Qe4+ 49. Kh2 1-0

[Event "NOR-ch (Women)"]
[Site "Baerum"]
[Date "2019.03.17"]
[Round "5"]
[White "Kyrkjebo, Hannah Bakken"]
[Black "Johnsen, Sylvia"]
[Result "1-0"]
[WhiteElo "1896"]
[BlackElo "1982"]
[PlyCount "87"]
[EventDate "2019.03.15"]
[EventType "swiss"]
[EventRounds "5"]
[EventCountry "NOR"]
[SourceTitle "CBM 189 Extra"]
[Source "ChessBase"]
[SourceDate "2019.06.03"]
[SourceVersion "1"]
[SourceVersionDate "2019.06.03"]
[SourceQuality "1"]

1. e4 e5 2. Nf3 Nc6 3. d4 exd4 4. Nxd4 Bc5 5. Nb3 Bb6 6. Nc3 Qf6 7. Qe2 Nge7 8. Be3 Bxe3 9. Qxe3 Nb4 10. 0-0-0 0-0 11. a3 Na6 12. f4 Qb6 13. Qf3 Nc5 14. Nxc5 Qxc5 15. f5 f6 16. g4 a5 17. h4 Nc6 18. g5 Ne5 19. Qg3 Nc4 20. Bxc4+ Qxc4 21. Rhg1 fxg5 22. Qxg5 Qf7 23. e5 Ra6 24. h5 Kh8 25. Nd5 h6 26. Qg4 Rc6 27. f6 gxf6 28. exf6 Rg8 29. Qxg8+ Qxg8 30. Rxg8+ Kxg8 31. Ne7+ Kf7 32. Nxc8 d6 33. Ne7 Rc5 34. Nd5 c6 35. Nc3 Rxh5 36. Rxd6 Rh1+ 37. Kd2 h5 38. Ne4 h4 39. Ng5+ Kg6 40. f7+ Kg7 41. Rf6 Rh2+ 42. Ke3 Kxf6 43. f8Q+ Kxg5 44. Qf4+ 1-0

[Event "Olympiad Women-43"]
[Site "Batumi"]
[Date "2018.10.02"]
[Round "8.4"]
[White "Espinosa Cancino, Monica"]
[Black "Kyrkjebo, Hannah Bakken"]
[Result "0-1"]
[WhiteElo "1655"]
[BlackElo "1947"]
[PlyCount "84"]
[EventDate "2018.09.24"]
[EventType "team-swiss"]
[EventRounds "11"]
[EventCountry "GEO"]
[SourceTitle "EXT 2020"]
[Source "ChessBase"]
[SourceDate "2019.10.17"]
[SourceVersion "1"]
[SourceVersionDate "2019.10.17"]
[SourceQuality "1"]
[WhiteTeam "Scotland (W)"]
[BlackTeam "Norway (W)"]
[WhiteTeamCountry "SCO"]
[BlackTeamCountry "NOR"]

1. c4 e5 2. d3 Nc6 3. Nf3 g6 4. g3 Bg7 5. Bg2 Nge7 6. 0-0 d6 7. Nc3 0-0 8. e3 Be6 9. a3 h6 10. Qc2 Qd7 11. Rd1 Bh3 12. Ne1 Bxg2 13. Nxg2 d5 14. cxd5 Nxd5 15. Ne4 Nce7 16. Bd2 b6 17. Bc3 Nxc3 18. Nxc3 c5 19. Ne2 Rac8 20. Rac1 Rfd8 21. Qb1 Rc6 22. Rc2 Rd6 23. Rcd2 Nc6 24. Ne1 Qe8 25. Nc2 R8d7 26. b4 e4 27. d4 Ne5 28. Ne1 Nf3+ 29. Nxf3 exf3 30. Nf4 g5 31. Nh5 Qe6 32. Qd3 Qh3 33. Qf1 Qxh5 34. bxc5 bxc5 35. d5 g4 36. e4 Bd4 37. Rb1 Rb6 38. a4 Rxb1 39. Qxb1 Qh3 40. Qf1 Qxf1+ 41. Kxf1 Rb7 42. Rd1 Rb2 0-1

[Event "Wch U20 Girls 36th"]
[Site "Manavgat"]
[Date "2018.09.11"]
[Round "7"]
[White "Kyrkjebo, Hannah Bakken"]
[Black "Ozbay, Ece"]
[Result "0-1"]
[WhiteElo "1947"]
[BlackElo "2114"]
[PlyCount "66"]
[EventDate "2018.09.05"]
[EventType "swiss"]
[EventRounds "11"]
[EventCountry "TUR"]
[SourceTitle "CBM 186 Extra"]
[Source "ChessBase"]
[SourceDate "2018.08.24"]
[SourceVersion "1"]
[SourceVersionDate "2018.08.24"]
[SourceQuality "1"]

1. e4 c5 2. Nf3 e6 3. b3 b6 4. Bd3 Bb7 5. 0-0 d6 6. Bb2 Nf6 7. e5 dxe5 8. Nxe5 Bd6 9. Bb5+ Nbd7 10. Re1 Qc7 11. Qe2 0-0 12. Na3 a6 13. Bd3 Nd5 14. Qh5 g6 15. Ng4 e5 16. Qh6 f5 17. Ne3 Nxe3 18. Rxe3 b5 19. Rg3 Nb6 20. f3 Nd5 21. Rxg6+ hxg6 22. Qxg6+ Qg7 23. Qe6+ Rf7 24. Qxd6 Nf4 25. g3 Nh3+ 26. Kf1 Re8 27. Be2 f4 28. g4 Qg5 29. Qxc5 Qh4 30. Qb6 Re6 31. Qc5 Rc6 32. Qa7 Bc8 33. Qa8 Qf2# 0-1

[Event "Wch U20 Girls 36th"]
[Site "Manavgat"]
[Date "2018.09.08"]
[Round "5"]
[White "Kyrkjebo, Hannah Bakken"]
[Black "Gur, Tuba"]
[Result "1-0"]
[WhiteElo "1947"]
[BlackElo "1724"]
[PlyCount "55"]
[EventDate "2018.09.05"]
[EventType "swiss"]
[EventRounds "11"]
[EventCountry "TUR"]
[SourceTitle "CBM 186 Extra"]
[Source "ChessBase"]
[SourceDate "2018.08.24"]
[SourceVersion "1"]
[SourceVersionDate "2018.08.24"]
[SourceQuality "1"]

1. e4 c5 2. Nf3 e6 3. b3 b6 4. Bd3 Bb7 5. 0-0 Nf6 6. e5 Nd5 7. Be4 Nc6 8. c4 Nde7 9. d4 cxd4 10. Nxd4 Ng6 11. Nf3 Qc7 12. Bb2 Be7 13. Re1 0-0 14. Nc3 a6 15. Rc1 Rfd8 16. Nd5 exd5 17. cxd5 Bc5 18. dxc6 dxc6 19. Qc2 a5 20. e6 Nf8 21. Ng5 Nxe6 22. Bxh7+ Kh8 23. Rxe6 Qf4 24. Re5 Bd6 25. g3 Qxc1+ 26. Bxc1 Rd7 27. Re1 Rad8 28. Bg8 1-0

[Event "Wch U20 Girls 36th"]
[Site "Manavgat"]
[Date "2018.09.05"]
[Round "1"]
[White "Kyrkjebo, Hannah Bakken"]
[Black "Maltsevskaya, Aleksandra"]
[Result "0-1"]
[WhiteElo "1947"]
[BlackElo "2234"]
[PlyCount "68"]
[EventDate "2018.09.05"]
[EventType "swiss"]
[EventRounds "11"]
[EventCountry "TUR"]
[SourceTitle "CBM 186 Extra"]
[Source "ChessBase"]
[SourceDate "2018.08.24"]
[SourceVersion "1"]
[SourceVersionDate "2018.08.24"]
[SourceQuality "1"]

1. e4 c5 2. Nf3 e6 3. d3 Nc6 4. g3 g6 5. Bg2 Bg7 6. h4 h6 7. c3 Nge7 8. 0-0 d5 9. Qe2 b6 10. e5 Qc7 11. Re1 a5 12. a4 Ba6 13. Na3 0-0 14. Nb5 Qd7 15. Bf4 Na7 16. Nxa7 Rxa7 17. Qc2 b5 18. b3 Rb8 19. Reb1 bxa4 20. Rxa4 Nc6 21. Re1 Rab7 22. Nd2 Qd8 23. d4 cxd4 24. cxd4 Nb4 25. Qb1 Bb5 26. Ra1 Nd3 27. Rd1 Nxf4 28. gxf4 Qxh4 29. Rxa5 Qxf4 30. Nf1 Bxf1 31. Bxf1 Rxb3 32. Qc1 Qf5 33. Rc5 Rb2 34. Qe3 Qg4+ 0-1

[Event "NOR-ch U20"]
[Site "Sarpsborg"]
[Date "2018.07.06"]
[Round "1"]
[White "Oieroset, Henrik"]
[Black "Kyrkjebo, Hannah Bakken"]
[Result "1/2-1/2"]
[WhiteElo "1685"]
[BlackElo "1971"]
[PlyCount "95"]
[EventDate "2018.07.07"]
[EventType "swiss"]
[EventRounds "9"]
[EventCountry "NOR"]
[SourceTitle "EXT 2024"]
[Source "ChessBase"]
[SourceDate "2023.10.10"]
[SourceVersion "1"]
[SourceVersionDate "2023.10.10"]
[SourceQuality "1"]

1. d4 Nf6 2. c4 e6 3. Nc3 Bb4 4. Qc2 c5 5. a3 Bxc3+ 6. bxc3 Nc6 7. Nf3 d6 8. e4 e5 9. Bb2 0-0 10. Rd1 Qc7 11. h3 Re8 12. d5 Ne7 13. Be2 Ng6 14. Bc1 Qe7 15. 0-0 Nh5 16. Rfe1 Nhf4 17. Bf1 Rf8 18. Be3 f5 19. exf5 Bxf5 20. Qc1 Qd7 21. Kh2 Qc8 22. Ng1 Bd7 23. g3 Nh5 24. Bg2 b6 25. Nf3 Qa6 26. Qb2 Rae8 27. Nd2 Nf6 28. Bg5 Ne7 29. Qa2 Qc8 30. f4 h6 31. Bxf6 gxf6 32. Ne4 Qb8 33. fxe5 fxe5 34. Rf1 Kg7 35. Rxf8 Rxf8 36. Rf1 Ng6 37. Rxf8 Qxf8 38. Qf2 Qxf2 39. Nxf2 Bf5 40. Be4 Kf6 41. g4 Bxe4 42. Nxe4+ Ke7 43. Ng3 Nh4 44. Kg1 Nf3+ 45. Kf2 Nh4 46. Ke3 Ng2+ 47. Ke4 Nh4 48. Ke3 1/2-1/2

[Event "Alesund Grand Prix A"]
[Site "Alesund"]
[Date "2018.04.08"]
[Round "5"]
[White "Kristiansen, Tore"]
[Black "Kyrkjebo, Hannah Bakken"]
[Result "1/2-1/2"]
[WhiteElo "1770"]
[BlackElo "1944"]
[PlyCount "130"]
[EventDate "2018.04.07"]
[EventType "swiss"]
[EventRounds "6"]
[EventCountry "NOR"]
[SourceTitle "EXT 2024"]
[Source "ChessBase"]
[SourceDate "2023.10.10"]
[SourceVersion "1"]
[SourceVersionDate "2023.10.10"]
[SourceQuality "1"]

1. b4 d5 2. Bb2 Nf6 3. Nf3 Bf5 4. e3 e6 5. b5 h6 6. c4 Be7 7. Be2 0-0 8. 0-0 Nbd7 9. d4 Ne4 10. Nc3 Ndf6 11. Nd2 Nxc3 12. Bxc3 Rc8 13. a4 c5 14. dxc5 Bxc5 15. Qb3 Qe7 16. Rac1 Rfd8 17. Rfd1 Bg6 18. Bxf6 Qxf6 19. cxd5 Rxd5 20. Bf3 Rd3 21. Qa2 b6 22. Ne4 Bxe4 23. Bxe4 Rdd8 24. Qe2 g6 25. g3 Kg7 26. Kg2 h5 27. Rc2 h4 28. Rcd2 Rxd2 29. Qxd2 Qe5 30. Bf3 Qf5 31. Qe2 Rh8 32. Bg4 Qe5 33. Rd7 hxg3 34. hxg3 Qa1 35. Qd1 Qe5 36. Rxa7 Rf8 37. Qd7 Kh6 38. Qd2 Qe4+ 39. Bf3 Qe5 40. a5 bxa5 41. Rxa5 Bb6 42. Qb4 Kg7 43. Ra6 Rb8 44. Bc6 Bc5 45. Qb3 Bb6 46. Ra2 Rh8 47. Qb2 Kf6 48. Kf3 Qxb2 49. Rxb2 Ke5 50. Rd2 Rd8 51. Ra2 f6 52. Ra1 f5 53. Rh1 Rc8 54. Rh7 g5 55. g4 Rf8 56. gxf5 Rxf5+ 57. Ke2 Kd6 58. Rg7 Re5 59. Kd3 Rf5 60. f3 Re5 61. Rd7+ Kc5 62. Rb7 Ba5 63. Ra7 Bb6 64. Rb7 Ba5 65. Ra7 Bb6 1/2-1/2

[Event "Bronshoj Lang Weekend"]
[Site "Copenhagen"]
[Date "2018.02.18"]
[Round "7"]
[White "Kyrkjebo, Hannah Bakken"]
[Black "Vedant, Kumar Saravana"]
[Result "1-0"]
[WhiteElo "1983"]
[BlackElo "1409"]
[PlyCount "157"]
[EventDate "2018.02.15"]
[EventType "swiss"]
[EventRounds "7"]
[EventCountry "DEN"]
[SourceTitle "CBM 183 Extra"]
[Source "ChessBase"]
[SourceDate "2018.04.19"]
[SourceVersion "1"]
[SourceVersionDate "2018.04.19"]
[SourceQuality "1"]

1. e4 e5 2. Nf3 Nc6 3. d4 exd4 4. Nxd4 Bc5 5. Nb3 Bb6 6. Nc3 Nf6 7. Qe2 d6 8. Be3 h6 9. 0-0-0 Bxe3+ 10. Qxe3 0-0 11. f3 Re8 12. Qd2 Be6 13. Nd5 Bxd5 14. exd5 Ne7 15. c4 Nd7 16. f4 Nc5 17. Nd4 Ng6 18. g3 a6 19. Bg2 Ne4 20. Qc2 Nc5 21. Rhe1 Qd7 22. Bf3 Rxe1 23. Rxe1 Re8 24. Rxe8+ Qxe8 25. Qe2 Qxe2 26. Bxe2 Kf8 27. b4 Ne4 28. Bd3 Nf2 29. Bxg6 fxg6 30. Ne6+ Kf7 31. Kd2 Ne4+ 32. Kd3 Nf6 33. h3 Ne8 34. Nd8+ Ke7 35. Nxb7 Kd7 36. c5 Nf6 37. Kd4 Nh5 38. Na5 Nxg3 39. Nc6 Ne2+ 40. Ke3 Nc3 41. Kd4 Nxa2 42. Nb8+ Kc8 43. Nxa6 Kb7 44. b5 Nc1 45. c6+ Kb6 46. Nb8 Kxb5 47. Nd7 Ne2+ 48. Ke4 Kc4 49. Ne5+ dxe5 50. d6 Ng3+ 51. Kf3 Nf5 52. d7 e4+ 53. Kf2 e3+ 54. Ke1 e2 55. d8Q Nd4 56. Kd2 Nxc6 57. Qg8+ Kb5 58. Kxe2 Nd4+ 59. Kd3 c5 60. Qxg7 g5 61. fxg5 hxg5 62. Qxg5 Nc6 63. h4 Kb4 64. Qf4+ Kb5 65. h5 Nb4+ 66. Kd2 c4 67. Qe5+ Ka4 68. h6 Kb3 69. Qc3+ Ka4 70. Qxc4 Ka3 71. Qxb4+ Kxb4 72. h7 Kb3 73. h8Q Kc4 74. Qd8 Kb3 75. Qc7 Ka3 76. Qb7 Ka4 77. Kc3 Ka5 78. Kc4 Ka4 79. Qb4# 1-0

[Event "Bronshoj Lang Weekend"]
[Site "Copenhagen"]
[Date "2018.02.16"]
[Round "2"]
[White "Kyrkjebo, Hannah Bakken"]
[Black "Moller, Arne Vagn"]
[Result "1/2-1/2"]
[WhiteElo "1983"]
[BlackElo "1902"]
[PlyCount "92"]
[EventDate "2018.02.15"]
[EventType "swiss"]
[EventRounds "7"]
[EventCountry "DEN"]
[SourceTitle "CBM 183 Extra"]
[Source "ChessBase"]
[SourceDate "2018.04.19"]
[SourceVersion "1"]
[SourceVersionDate "2018.04.19"]
[SourceQuality "1"]

1. e4 c5 2. Nf3 d6 3. Bb5+ Bd7 4. Bxd7+ Qxd7 5. c4 Nc6 6. Nc3 e6 7. d4 cxd4 8. Nxd4 Nf6 9. Be3 Be7 10. 0-0 0-0 11. f3 Rfd8 12. Re1 b6 13. Bf2 Rac8 14. b3 Nxd4 15. Qxd4 d5 16. e5 Ne8 17. cxd5 Bc5 18. Qd3 exd5 19. Rad1 Nc7 20. Bxc5 bxc5 21. Ne4 Qb5 22. Nd6 Qxd3 23. Rxd3 Rb8 24. Rc1 c4 25. bxc4 dxc4 26. Rdc3 Ne6 27. Rxc4 g6 28. Rc8 Kg7 29. a4 Rdxc8 30. Nxc8 a5 31. Rc4 Rb1+ 32. Kf2 Rb2+ 33. Kg3 g5 34. Nd6 Nf4 35. Nf5+ Kg6 36. Ne3 Kh5 37. Rc2 Ne2+ 38. Kf2 Rxc2 39. Nxc2 Nc3 40. Nd4 Nxa4 41. Nc6 Nc5 42. Nxa5 Nd3+ 43. Ke3 Nxe5 44. Ke4 f6 45. Nb3 Nf7 46. Nd4 Nd6+ 1/2-1/2

[Event "EU-chT (Women) 21st"]
[Site "Heraklion"]
[Date "2017.11.06"]
[Round "9.4"]
[White "Kyrkjebo, Hannah Bakken"]
[Black "Rakic, Tijana"]
[Result "1-0"]
[WhiteElo "1996"]
[BlackElo "1508"]
[PlyCount "122"]
[EventDate "2017.10.28"]
[EventType "team-swiss"]
[EventRounds "9"]
[EventCountry "GRE"]
[SourceTitle "CBM 181 Extra"]
[Source "ChessBase"]
[SourceDate "2017.12.12"]
[SourceVersion "1"]
[SourceVersionDate "2017.12.12"]
[SourceQuality "1"]
[WhiteTeam "Norway (W)"]
[BlackTeam "Montenegro (W)"]
[WhiteTeamCountry "NOR"]
[BlackTeamCountry "MNE"]

1. e4 d5 2. exd5 Qxd5 3. Nc3 Qd6 4. d4 Nf6 5. Nf3 g6 6. Bc4 Bg7 7. 0-0 0-0 8. h3 a6 9. Re1 b5 10. Bd3 Bb7 11. Ne4 Nxe4 12. Bxe4 Bxe4 13. Rxe4 c5 14. Bf4 Qd7 15. c3 Nc6 16. dxc5 Qf5 17. Qe1 Qxc5 18. Ne5 Nxe5 19. Bxe5 e6 20. Bf4 Rad8 21. a4 Rd7 22. Qe2 Rfd8 23. axb5 axb5 24. Rb4 Rd3 25. Ra5 Qf5 26. Raxb5 Rd1+ 27. Kh2 Qb1 28. Rb8 Bf8 29. Rxd8 Rxd8 30. Rb8 Rxb8 31. Bxb8 Bg7 32. Qd2 h5 33. Bg3 Qe4 34. Qf4 Qb1 35. Qb8+ Kh7 36. Qb7 Qf5 37. Qc7 Qf6 38. Qc4 g5 39. h4 Qg6 40. hxg5 Qxg5 41. Qf4 Qg6 42. f3 Bf6 43. Qe4 Qxe4 44. fxe4 Bg7 45. Bd6 Kg6 46. c4 Bxb2 47. c5 Bd4 48. c6 Bb6 49. c7 Bxc7 50. Bxc7 f5 51. e5 Kg5 52. Kg3 f4+ 53. Kf3 Kf5 54. Bd6 Kg5 55. Be7+ Kf5 56. Bf6 Kg6 57. Kxf4 Kh6 58. Ke4 Kg6 59. Kd4 Kf5 60. Kc5 h4 61. Kd6 Kg4 1-0